• 首页
  • 本馆介绍
  • 公告通知
  • 最新文献
  • 馆藏检索
  • 电子资源
  • 读者导购
  • 参考咨询
  • 我的图书馆
  • 登录
  • 详细信息显示
  • 放入我的书架
  • 预约/预借图书
  • 作者相关作品
  • 分类相关作品
  • 丛书相关作品
  • 出版社相关作品

书目信息

  • 表格格式
  • 工作单格式
  • 卡片格式
题名:
意大利简史
    
 
作者: 赫德 , 韦利 编 ;罗念生 , 朱海观 译
分册: 下册  
出版信息: 北京   商务印书馆  1975.01
页数: 232页
开本: 20cm
丛书名:
单 册:
中图分类: K546.0
科图分类:
主题词: 南欧--历史
电子资源:
ISBN:
000 00818nam0 2200265 45
001 0212190986
005 20061115110122.18
010    @dCNY1.60
091    @a11017.347
100    @a20021219d1975 km y0chiy0120 ea
101 0  @achi
105    @a z 000yy
200 1  @a意大利简史@AYi Da Li Jian Shi@e从古代到现代@ECong Gu Dai Dao Xian Dai@h下册@f(英)赫·赫德,德·普·韦利编@F(Ying)He·He De,De·Pu·Wei Li Bian@g罗念生,朱海观译
210    @a北京@c商务印书馆@d1975.01
215    @a232页@d20cm
300    @a内部读物
517    @a从古代到现代@ACong Gu Dai Dao Xian Dai
606 0  @a南欧@x历史
690    @aK546.0@v3
701  0 @a赫德@4编
701  0 @a韦利@4编
702  0 @a罗念生@ALuo Nian Sheng@4译
702  0 @a朱海观@AZhu Hai Guan@4译
801    @aCN@bTSTC@c20061115
905    @dK546.0@e3:2@f1@b219241
    
    意大利简史:从古代到现代.下册/(英)赫·赫德,德·普·韦利编/罗念生,朱海观译.-北京:商务印书馆,1975.01
    232页;20cm
    内部读物
    
    ISBN :CNY1.60
    
●
相关链接 在E读中查询图书 在五车中查询图书 在当当中查询图书 在豆瓣中查询图书


正题名:意大利简史     索取号:K546.0/3:2         预约/预借

序号 登录号 条形码 馆藏地/架位号 状态 备注
1 0219241   001746221   第二样本阅览室/ [索取号:K546.0/3:2] 在馆    
唐山师范学院图书馆 欢迎您!
大连网信软件有限公司© 版权所有